Voda, všednost nevšedně : závěrečná práce / autor ; vedoucí práce Vlasta Hillebrandová
Diplomová práce představuje téma vody, tak, jak se s ní dítě od narození setkává. Hlavním cílem práce je poukázat na důležitost vody pro život, na její vlastnosti a možností využití tohoto tématu v Montessori přístupu. Voda je jedním ze čtyř živlů, ke kterému má člověk nejen úctu, ale zároveň z ní má respekt. Je velmi důležité, aby si děti uvědomily především význam vody proživot na Zemi a její nezbytnost. Proto v teoretické části práce budeme prezentovat vodu jako významnou podmínku života, a to se všemi jejími vlastnostmi. Poukážeme na druhy vod a vznik vody. Opomenut nebude ani koloběh vody na Zemi. Námi pojaté zpracování tématu poukáže na význam vody jakv živé, tak v neživé přírodě. V praktické části se zaměříme na pokusy a experimenty, jež budou souviset s představením vody a jejích vlastností. Ukážeme možnosti využití vody pro člověka, živočichy a rostliny.Praktické náměty budou využitelné jak učiteli praxe, tak v rodině.
Record details
- Physical Description: 52 stran : 31 cm
Content descriptions
| Dissertation Note: | Závěrečná práce - Montessori ČR, 2015 |
| Bibliography, etc. Note: | Obsahuje bibliografii |
Search for related items by subject
| Genre: | závěrečné práce |
Available copies
- 1 of 1 copy available at Common Catalog SPOK.
Holds
- 0 current holds with 1 total copy.
Show Only Available Copies
| Location | Call Number / Copy Notes | Barcode | Shelving Location | Status | Due Date |
|---|---|---|---|---|---|
| Montessori Library | ZP0211 | 4614610211 | Chodba | Available | - |
| LDR | ntm a22 i 4500 | ||
|---|---|---|---|
| 001 | 47241 | ||
| 003 | CZ-PrJAB | ||
| 005 | 20201012163812.0 | ||
| 007 | ta | ||
| 008 | s2015 xr e 000 0 cze | ||
| 040 | . | ‡aABG323 ‡bcze ‡erda | |
| 041 | 0 | . | ‡acze |
| 100 | 1 | . | ‡aChobotová , Martina ‡4aut |
| 245 | 1 | 0. | ‡aVoda, všednost nevšedně : ‡bzávěrečná práce / ‡c autor ; vedoucí práce Vlasta Hillebrandová |
| 264 | 0. | ‡c2015 | |
| 300 | . | ‡a52 stran : ‡c31 cm | |
| 336 | . | ‡atext ‡btxt ‡2rdacontent | |
| 337 | . | ‡abez média ‡bn ‡2rdamedia | |
| 338 | . | ‡asvazek ‡bnc ‡2rdacarrier | |
| 502 | . | ‡aZávěrečná práce - Montessori ČR, 2015 | |
| 504 | . | ‡aObsahuje bibliografii | |
| 520 | 3 | . | ‡aDiplomová práce představuje téma vody, tak, jak se s ní dítě od narození setkává. Hlavním cílem práce je poukázat na důležitost vody pro život, na její vlastnosti a možností využití tohoto tématu v Montessori přístupu. Voda je jedním ze čtyř živlů, ke kterému má člověk nejen úctu, ale zároveň z ní má respekt. Je velmi důležité, aby si děti uvědomily především význam vody proživot na Zemi a její nezbytnost. Proto v teoretické části práce budeme prezentovat vodu jako významnou podmínku života, a to se všemi jejími vlastnostmi. Poukážeme na druhy vod a vznik vody. Opomenut nebude ani koloběh vody na Zemi. Námi pojaté zpracování tématu poukáže na význam vody jakv živé, tak v neživé přírodě. V praktické části se zaměříme na pokusy a experimenty, jež budou souviset s představením vody a jejích vlastností. Ukážeme možnosti využití vody pro člověka, živočichy a rostliny.Praktické náměty budou využitelné jak učiteli praxe, tak v rodině. |
| 653 | 0 | . | ‡aMontessori pedagogiky ‡adítě předškolního věku ‡amateřská škola ‡apokusy ‡avoda ‡aexperimenty |
| 655 | 7. | ‡azávěrečné práce ‡7fd186753 ‡2czenas | |
| 710 | 2 | . | ‡aMontessori ČR |
| 856 | 4 | 1. | ‡yPlný text ‡zPlný text je dostupný pouze členům Montessori ČR |
| 910 | . | ‡aABG323 | |
| 901 | . | ‡a47241 ‡bCZ-PrJAB ‡c47241 ‡tbiblio | |